Sports Quiz

Random Sports or World Quiz

Formula One Champs Quiz Stats

 Plays Quiz Updated Nov 5, 2019

Support Sporcle.
Go Orange.
Score 0/71 Timer 10:00
21 Plays Today
Season Driver % Correct
2020Lewis Hamilton
99.2%
2018Lewis Hamilton
98.9%
2017Lewis Hamilton
98.8%
2015Lewis Hamilton
98.7%
2014Lewis Hamilton
98.6%
2019Lewis Hamilton
98.3%
2008Lewis Hamilton
98%
2005Fernando Alonso
87.3%
2006Fernando Alonso
87.3%
1994Michael Schumacher
86.8%
1995Michael Schumacher
86.8%
2000Michael Schumacher
86.8%
2001Michael Schumacher
86.8%
2004Michael Schumacher
86.8%
2002Michael Schumacher
86.8%
2003Michael Schumacher
86.8%
1990Ayrton Senna
86.3%
1991Ayrton Senna
86.3%
1988Ayrton Senna
86.3%
1976James Hunt
82.4%
1992Nigel Mansell
79.6%
2011Sebastian Vettel
78.4%
2012Sebastian Vettel
78.2%
2013Sebastian Vettel
78.1%
2016Nico Rosberg
78%
2010Sebastian Vettel
76.2%
2007Kimi Räikkönen
73.9%
1968Graham Hill
72.8%
1962Graham Hill
72.8%
1996Damon Hill
71.1%
1969Jackie Stewart
70%
1971Jackie Stewart
70%
1973Jackie Stewart
70%
2009Jenson Button
67.7%
1963Jim Clark
67.4%
1965Jim Clark
67.4%
Season Driver % Correct
1964John Surtees
65.6%
1982Keke Rosberg
63.5%
1958Mike Hawthorn
58.6%
1985Alain Prost
58%
1993Alain Prost
58%
1986Alain Prost
58%
1989Alain Prost
58%
1951Juan Manuel Fangio
57%
1954Juan Manuel Fangio
57%
1955Juan Manuel Fangio
57%
1957Juan Manuel Fangio
57%
1956Juan Manuel Fangio
57%
1975Niki Lauda
56.6%
1977Niki Lauda
56.6%
1984Niki Lauda
56.6%
1950Nino Farina
49%
1998Mika Häkkinen
47.7%
1999Mika Häkkinen
47.7%
1959Jack Brabham
47.1%
1960Jack Brabham
47.1%
1966Jack Brabham
47.1%
1952Alberto Ascari
45.6%
1953Alberto Ascari
45.6%
1978Mario Andretti
41.6%
1961Phil Hill
40.5%
1967Denny Hulme
40.2%
1972Emerson Fittipaldi
38.5%
1974Emerson Fittipaldi
38.5%
1970Jochen Rindt
38.5%
1987Nelson Piquet
37.3%
1981Nelson Piquet
37.3%
1983Nelson Piquet
37.3%
1980Alan Jones
37.2%
1997Jacques Villeneuve
37%
1979Jody Scheckter
34.8%

You're not logged in!

Compare scores with friends on all Sporcle quizzes.
OR
Log In
Forgot?

From the Vault

12 Ways Not to Say 'Bond'

by timmylemoine1

Language 60s
Apparently the name is NOT Bond...James Bond.
Remove Ads.
Support Sporcle.
Get the best of Sporcle when you Go Orange. This ad-free experience offers more features, more stats, and more fun while also helping to support Sporcle. Thank you for becoming a member.

Show Comments

Extras

Top Quizzes Today


Score Distribution

Your Account Isn't Verified!

In order to create a playlist on Sporcle, you need to verify the email address you used during registration. Go to your Sporcle Settings to finish the process.

Report this User

Report this user for behavior that violates our Community Guidelines.

Details: